00450 2200193 4500001002100000005001500021035002000036007000300056008004100059020002200100082000800122084001400130100000800144245002300152250000600175260003100181300002800212700001600240INLIS00000000000102520230901111927 a0010-0923000010ta230901 b 1 ind  a978-602-366-223-4 a813 a813 AAN j0 aAan1 aJambu Air Istimewa a- aSolo :bTiga Ananda,c2016 a36 :bilus. ;c20 cme-0 aWulandari U